Statistics for Landlocked Countries | Can You Guess Them All?

Click here to take the quiz!

General Stats

  • This quiz has been taken 62 times
  • The average score is 38 of 45

Answer Stats

Answer% Correct
Switzerland
98%
Austria
92%
Czech Republic
90%
Hungary
90%
Luxembourg
90%
North Macedonia
90%
Slovakia
90%
Vatican City
90%
Belarus
88%
Chad
88%
Kazakhstan
88%
Mongolia
88%
Nepal
88%
Paraguay
88%
Uzbekistan
88%
Andorra
86%
Liechtenstein
86%
Serbia
86%
South Sudan
86%
Turkmenistan
86%
Bhutan
84%
Bolivia
84%
Botswana
84%
Central African Republic
84%
Kosovo
84%
Kyrgyzstan
84%
Laos
84%
Rwanda
84%
Uganda
84%
Afghanistan
82%
Ethiopia
82%
Mali
82%
Moldova
82%
San Marino
82%
Tajikistan
82%
Zambia
82%
Zimbabwe
82%
Azerbaijan
80%
Lesotho
80%
Armenia
78%
Malawi
78%
Niger
78%
Burundi
76%
Eswatini
76%
Burkina Faso
73%

Score Distribution

Percentile by Number Answered

Percent of People with Each Score

Your Score History

You have not taken this quiz